[Event "Fagernes Norsk op-B"]
[Site "Fagernes"]
[Date "2015.03.29"]
[Round "9"]
[White "Grindbakken, Erik"]
[Black "Thorvaldsen, Thomas"]
[Result "1/2-1/2"]
[WhiteElo "1546"]
[BlackElo "1392"]
[PlyCount "85"]
[EventDate "2015.03.29"]
[EventType "swiss"]
[EventRounds "9"]
[EventCountry "NOR"]
[SourceTitle "EXT 2016"]
[Source "ChessBase"]
[SourceDate "2015.10.08"]
[SourceVersion "1"]
[SourceVersionDate "2015.10.08"]
[SourceQuality "1"]

1. c4 c5 2. Nf3 g6 3. e3 Bg7 4. d4 e6 5. Nc3 Ne7 6. dxc5 Na6 7. Qc2 0-0 8. Rb1 Nxc5 9. b4 Na6 10. c5 d5 11. Bxa6 bxa6 12. a4 Bd7 13. Bd2 Nc6 14. a5 Rb8 15. Na2 Qc7 16. 0-0 Ne5 17. Nxe5 Bxe5 18. f4 Bg7 19. Rfc1 Bc6 20. Bc3 e5 21. fxe5 Bxe5 22. Bxe5 Qxe5 23. Qc3 Qg5 24. Qd4 Rfe8 25. Qf4 Qxf4 26. exf4 Re4 27. g3 d4 28. Rd1 Rd8 29. Rd2 d3 30. Nc3 Rc4 31. Rb3 Rcd4 32. Kf2 Rb8 33. Ke3 Rbxb4 34. Rxb4 Rxb4 35. Rxd3 Rc4 36. Rd6 Bb5 37. Nxb5 axb5 38. Ra6 Rxc5 39. Rxa7 b4 40. a6 Ra5 41. Ra8+ Kg7 42. a7 Kf6 43. Rb8 1/2-1/2

[Event "Fagernes Norsk op-B"]
[Site "Fagernes"]
[Date "2015.03.29"]
[Round "2"]
[White "Olsen, William Sandberg"]
[Black "Thorvaldsen, Thomas"]
[Result "1-0"]
[WhiteElo "1716"]
[BlackElo "1392"]
[PlyCount "69"]
[EventDate "2015.03.29"]
[EventType "swiss"]
[EventRounds "9"]
[EventCountry "NOR"]
[SourceTitle "EXT 2016"]
[Source "ChessBase"]
[SourceDate "2015.10.08"]
[SourceVersion "1"]
[SourceVersionDate "2015.10.08"]
[SourceQuality "1"]

1. d4 Nf6 2. c4 g6 3. Nf3 Bg7 4. Nc3 0-0 5. e4 d6 6. Bd3 Nbd7 7. 0-0 Re8 8. Be3 e5 9. d5 c6 10. Rc1 cxd5 11. cxd5 b6 12. Nb5 Nc5 13. b4 Na6 14. a3 Bb7 15. Rc4 Re7 16. Qc2 Nxd5 17. exd5 Bxd5 18. Rh4 Nc7 19. Qb1 f5 20. Bg5 e4 21. Bxe7 Qxe7 22. Re1 Qd8 23. Nxc7 Qxc7 24. Rc1 Qd8 25. Bc4 Bxc4 26. Rxc4 d5 27. Rc1 exf3 28. Rh3 fxg2 29. Qd3 Kh8 30. Qg3 Kg8 31. Qb3 Kh8 32. Rd1 d4 33. Rdd3 Rc8 34. Rxh7+ Kxh7 35. Rh3+ 1-0

[Event "Fagernes Norsk op-B"]
[Site "Fagernes"]
[Date "2015.03.29"]
[Round "6"]
[White "Shehzad, Shazil Khan"]
[Black "Thorvaldsen, Thomas"]
[Result "1-0"]
[WhiteElo "1518"]
[BlackElo "1392"]
[PlyCount "67"]
[EventDate "2015.03.29"]
[EventType "swiss"]
[EventRounds "9"]
[EventCountry "NOR"]
[SourceTitle "EXT 2016"]
[Source "ChessBase"]
[SourceDate "2015.10.08"]
[SourceVersion "1"]
[SourceVersionDate "2015.10.08"]
[SourceQuality "1"]

1. e4 e6 2. d4 d5 3. exd5 exd5 4. Nc3 Nf6 5. Nf3 Nc6 6. Be2 Be7 7. 0-0 0-0 8. Bf4 Be6 9. Nb5 Rc8 10. Re1 a6 11. Nc3 Bd6 12. Bxd6 Qxd6 13. a3 Ne4 14. Bd3 f5 15. Na4 b5 16. Nc5 Ra8 17. Nxe6 Qxe6 18. c3 Qf6 19. Qb3 Rad8 20. Bxe4 fxe4 21. Rxe4 Na5 22. Qa2 Qg6 23. Re3 Nc4 24. Ne5 Qf5 25. Rf3 Qc2 26. b3 Qxa2 27. Rxa2 Rde8 28. Rxf8+ Kxf8 29. bxc4 dxc4 30. Re2 g6 31. Nd7+ Kf7 32. Rxe8 Kxe8 33. Nb8 a5 34. Nc6 1-0

[Event "Fagernes Norsk op-B"]
[Site "Fagernes"]
[Date "2015.03.29"]
[Round "4"]
[White "Warstad, Leif Edvin"]
[Black "Thorvaldsen, Thomas"]
[Result "1/2-1/2"]
[WhiteElo "1622"]
[BlackElo "1392"]
[PlyCount "66"]
[EventDate "2015.03.29"]
[EventType "swiss"]
[EventRounds "9"]
[EventCountry "NOR"]
[SourceTitle "EXT 2016"]
[Source "ChessBase"]
[SourceDate "2015.10.08"]
[SourceVersion "1"]
[SourceVersionDate "2015.10.08"]
[SourceQuality "1"]

1. d4 Nf6 2. Nf3 g6 3. g3 Bg7 4. Bg2 d5 5. Nbd2 0-0 6. 0-0 c6 7. c4 e6 8. b3 c5 9. Bb2 Nfd7 10. e3 Re8 11. Qc2 Nc6 12. Rac1 b6 13. Rfe1 Ba6 14. cxd5 Nb4 15. Qb1 Nd3 16. dxe6 Rxe6 17. Nc4 Nxe1 18. Nxe1 Rc8 19. d5 Re7 20. Bxg7 Kxg7 21. Qb2+ Kg8 22. d6 Re6 23. Rd1 Bxc4 24. bxc4 Qf6 25. Qd2 Nf8 26. Bh3 Rd8 27. Bxe6 Qxe6 28. Qd5 Qxd5 29. Rxd5 f5 30. f3 Kf7 31. e4 Ke6 32. Kf2 fxe4 33. fxe4 Rxd6 1/2-1/2

[Event "Follo op"]
[Site "Follo"]
[Date "2014.10.16"]
[Round "5"]
[White "Kjelstrup, Joachim"]
[Black "Thorvaldsen, Thomas"]
[Result "1-0"]
[WhiteElo "1090"]
[BlackElo "1058"]
[PlyCount "119"]
[EventDate "2014.09.04"]
[EventType "swiss"]
[EventRounds "9"]
[EventCountry "NOR"]
[SourceTitle "EXT 2017"]
[Source "ChessBase"]
[SourceDate "2016.10.25"]
[SourceVersion "1"]
[SourceVersionDate "2016.10.25"]
[SourceQuality "1"]

1. e4 e5 2. Nf3 Nc6 3. Bb5 Nf6 4. 0-0 Bc5 5. Re1 0-0 6. Bxc6 dxc6 7. Nxe5 Qd4 8. Nf3 Qxf2+ 9. Kh1 Bb6 10. d4 Re8 11. e5 Ng4 12. Nc3 Bf5 13. Ne4 Bxe4 14. Rxe4 f5 15. Rf4 Rad8 16. h3 Ne3 17. Bxe3 Qxe3 18. Qd2 Qxd2 19. Nxd2 Rxd4 20. Rxd4 Bxd4 21. Nc4 Bxe5 22. Re1 Rd8 23. Rxe5 g6 24. Re7 Rd4 25. Ne5 Rd2 26. Rxc7 Rxc2 27. Rxb7 c5 28. Rxa7 Rxb2 29. a4 Re2 30. Nc4 Rc2 31. Na3 Ra2 32. Nb5 c4 33. Ra8+ Kg7 34. a5 Rb2 35. Rb8 c3 36. Rb7+ Kh6 37. a6 c2 38. Rc7 Rb1+ 39. Kh2 c1Q 40. Rxc1 Rxc1 41. a7 Ra1 42. Kg3 Kg7 43. Kf4 Kf6 44. g3 h6 45. Ke3 Ke5 46. Kd3 Kd5 47. Nc7+ Kc6 48. a8Q+ Rxa8 49. Nxa8 Kb7 50. Kd4 Kxa8 51. Ke5 Kb7 52. Kf6 g5 53. Kxf5 Kc6 54. Kg6 Kd6 55. Kxh6 g4 56. hxg4 Ke6 57. Kg6 Ke7 58. Kg7 Ke6 59. g5 Ke7 60. g6 1-0

[Event "Oslo op-B"]
[Site "Oslo"]
[Date "2014.09.28"]
[Round "2"]
[White "Thorvaldsen, Thomas"]
[Black "Kalkman de Koster, Franzke"]
[Result "1-0"]
[WhiteElo "908"]
[BlackElo "1589"]
[PlyCount "107"]
[EventDate "2014.09.28"]
[EventType "swiss"]
[EventRounds "9"]
[EventCountry "NOR"]
[SourceTitle "EXT 2017"]
[Source "ChessBase"]
[SourceDate "2016.10.25"]
[SourceVersion "1"]
[SourceVersionDate "2016.10.25"]
[SourceQuality "1"]

1. d4 d5 2. c4 a6 3. Nc3 dxc4 4. e3 b5 5. a4 Bb7 6. axb5 axb5 7. Rxa8 Bxa8 8. Nxb5 Bd5 9. Qa4 c6 10. Nc3 e6 11. Nf3 Qb6 12. Bxc4 Bxf3 13. gxf3 Bb4 14. Rg1 Ne7 15. Qb3 Qa5 16. Bd2 Nd5 17. Bxd5 cxd5 18. Rxg7 Qa1+ 19. Nd1 Bxd2+ 20. Kxd2 Kf8 21. Rg2 Qa5+ 22. Nc3 Ke7 23. Qa3+ Qxa3 24. bxa3 Nd7 25. a4 Ra8 26. Rg7 Nb6 27. Rxh7 Nc4+ 28. Kc2 Rg8 29. e4 Rb8 30. Kd3 Rb2 31. exd5 Nd6 32. dxe6 Kxe6 33. d5+ Ke7 34. Ne4 Rb3+ 35. Ke2 Ra3 36. Nxd6 Kxd6 37. Rxf7 Rxa4 38. Rf5 Rh4 39. Ke3 Rxh2 40. Ke4 Rxf2 41. Rf6+ Kc5 42. Rc6+ Kb5 43. f4 Re2+ 44. Kf5 Re8 45. Re6 Rf8+ 46. Ke5 Rc8 47. d6 Kc6 48. Kf6 Kd7 49. f5 Rf8+ 50. Ke5 Kc6 51. f6 Rf7 52. Re7 Rxe7+ 53. dxe7 Kd7 54. Kf5 1-0

[Event "Oslo op-B"]
[Site "Oslo"]
[Date "2014.09.28"]
[Round "4"]
[White "Thorvaldsen, Thomas"]
[Black "Mrdeza, Jason"]
[Result "0-1"]
[WhiteElo "908"]
[BlackElo "1300"]
[PlyCount "46"]
[EventDate "2014.09.28"]
[EventType "swiss"]
[EventRounds "9"]
[EventCountry "NOR"]
[SourceTitle "EXT 2017"]
[Source "ChessBase"]
[SourceDate "2016.10.25"]
[SourceVersion "1"]
[SourceVersionDate "2016.10.25"]
[SourceQuality "1"]

1. e4 d5 2. exd5 Qxd5 3. Nc3 Qa5 4. d4 Nf6 5. Nf3 Bf5 6. g3 c6 7. Bg2 Nbd7 8. 0-0 e6 9. Nd2 Be7 10. Nb3 Qc7 11. Bf4 Bd6 12. Bxd6 Qxd6 13. Re1 0-0-0 14. f3 h5 15. Ne4 Qc7 16. a4 h4 17. g4 h3 18. Bxh3 Rxh3 19. gxf5 Qxh2+ 20. Kf1 Ne5 21. Re3 Nxe4 22. Re2 Rxf3+ 23. Ke1 Qg1# 0-1